|
|
|
|
| LEADER |
00000nab a2200000 a 4500 |
| 001 |
vtls010127179 |
| 003 |
SK-MaSNL |
| 005 |
20260303091634.0 |
| 008 |
140403c2010 xo ||||||||||||00 b|slo |
| 015 |
|
|
|a SNBRB2010/08
|2 snkbucl
|
| 038 |
|
|
|a SNKBUCL
|
| 040 |
|
|
|a SNKBUCL
|b slo
|c SNKBUCL
|e AACR2
|
| 041 |
0 |
|
|a slo
|
| 044 |
|
|
|a xo
|c SK
|
| 080 |
|
|
|a 821.162.4-32
|2 2001
|
| 080 |
|
|
|a 791.43
|x (437.6)
|2 2001
|
| 080 |
|
|
|a 791.632:792.026
|2 2001
|
| 100 |
1 |
|
|a Dohnal, Lubor,
|d 1938-
|4 aut
|9 107302
|
| 245 |
1 |
0 |
|a Pod zem, pod zem
|b literárny scenár na motívy z Olbrachta
|c Lubor Dohnal, Elo Havetta
|
| 500 |
|
|
|a Pod spoločným názvom Stromy žltnú aj tu- : Elo Havetta
|
| 500 |
|
|
|a V rubrike Rodinné striebro
|
| 600 |
1 |
7 |
|a Pod zem, pod zem (film)
|x literárne scenáre
|2 snkbucl
|9 1100115
|
| 650 |
0 |
7 |
|a filmové scenáre, slovenské
|x úryvky
|2 snkbucl
|9 1100116
|
| 700 |
1 |
|
|a Havetta, Eliáš,
|d 1938-1975
|4 aut
|9 200894
|
| 773 |
0 |
|
|t Fragment
|g Roč. XXIV, č. 1 (2010), s. 65
|x 1336-4316
|
| 852 |
|
|
|a SNK
|b KIS3GCP
|
| 958 |
|
|
|a LX
|
| 958 |
|
|
|a SK
|
| 999 |
|
|
|c 1808609
|d 1810539
|